000 00630nam a2200253Ia 4500
001 119851
003 YMCAF
005 20230512163704.0
008 191114s2011 ||||||||||||||||| ||und|d
020 _a9788131732632
024 _a119851
035 _aBB18173
040 _aYMCAF
_beng
_cIN-KoLT
041 _aeng
082 _a658.800954
_bKRI
100 _aKrishnamacharyulu, C S G
245 0 _aRural marketing
_bText and cases
250 _a2nd
260 _aNoida
_bPearson
_c2011
300 _a609p
600 _aRamakrishnan, Lalitha
653 _aManagement-Marketing-Rural consumer behaviour
942 _2ddc
_cBK
999 _c16435
_d16435